Maintainability of wet areas of non-residential buildings (Record no. 74370)
[ view plain ]
| 000 -LEADER | |
|---|---|
| fixed length control field | 01451cab a2200241 4500 |
| 001 - CONTROL NUMBER | |
| control field | ABS67698 |
| 008 - FIXED-LENGTH DATA ELEMENTS--GENERAL INFORMATION | |
| fixed length control field | 040415n2004 000 0 eng u |
| 035 ## - SYSTEM CONTROL NUMBER | |
| System control number | (Sirsi) u125842 |
| 100 ## - MAIN ENTRY--PERSONAL NAME | |
| Personal name | Chew, M. |
| 245 ## - TITLE STATEMENT | |
| Title | Maintainability of wet areas of non-residential buildings |
| 260 ## - PUBLICATION, DISTRIBUTION, ETC. | |
| Date of publication, distribution, etc. | 2004 |
| 490 ## - SERIES STATEMENT | |
| Series statement | Structural Survey |
| Volume/sequential designation | 22(1) 2004, 39-52(14) |
| 520 ## - SUMMARY, ETC. | |
| Summary, etc. | Discusses some important findings from a research project on the maintainability of wet areas of high-rise, non-residential buildings. The implications of six key factors of maintainability namely watertightness, spatial, integrity, ventilation, material and plumbing on the occurrence of 14 most common defects found in wet areas were evaluated. Problem areas evaluated include water leakage from ceilings, staining/discolouration, paint defects, cracking/spalling of concrete, cracking/debonding of tiles, fungi/algae growth, pipe leakage and corrosion. An industry wide survey was conducted and the factors including workmanship, design detailing, maintainance and material compatibility under tropical conditions are identified and discussed. Tables, graphs and references. [Taken from journal abstract]. |
| 590 ## - LOCAL NOTE (RLIN) | |
| Local note | ABS |
| 650 ## - SUBJECT ADDED ENTRY--TOPICAL TERM | |
| Topical term or geographic name entry element | WATER DAMAGE |
| 650 ## - SUBJECT ADDED ENTRY--TOPICAL TERM | |
| Topical term or geographic name entry element | BUILDING DEFECTS |
| 650 ## - SUBJECT ADDED ENTRY--TOPICAL TERM | |
| Topical term or geographic name entry element | NON-RESIDENTIAL PROPERTY |
| 650 ## - SUBJECT ADDED ENTRY--TOPICAL TERM | |
| Topical term or geographic name entry element | WORKMANSHIP |
| 690 ## - LOCAL SUBJECT ADDED ENTRY--TOPICAL TERM (OCLC, RLIN) | |
| Topical term or geographic name as entry element | BUILDING AND CONSTRUCTION-REPAIRS AND MAINTENANCE |
| 700 ## - ADDED ENTRY--PERSONAL NAME | |
| Personal name | De Silva, N. |
| 700 ## - ADDED ENTRY--PERSONAL NAME | |
| Personal name | Tan, S. |
| 942 ## - ADDED ENTRY ELEMENTS (KOHA) | |
| Suppress in OPAC | 0 |
| Withdrawn status | Lost status | Source of classification or shelving scheme | Damaged status | Not for loan | Home library | Current library | Shelving location | Date acquired | Total Checkouts | Full call number | Barcode | Date last seen | Copy number | Price effective from | Koha item type |
|---|---|---|---|---|---|---|---|---|---|---|---|---|---|---|---|
| Dewey Decimal Classification | London | London | Journal article | 15/04/2004 | ABS67698 | 125842-1001 | 06/08/2019 | 1 | 06/08/2019 | Journal article |